Detalles MARC
| 000 -CABECERA |
| campo de control de longitud fija |
01919nam a22003017a 4500 |
| 003 - IDENTIFICADOR DEL NÚMERO DE CONTROL |
| campo de control |
DO-SdBNP |
| 005 - FECHA Y HORA DE LA ÚLTIMA TRANSACCIÓN |
| campo de control |
20250702092439.0 |
| 007 - CAMPO FIJO DE DESCRIPCIÓN FÍSICA--INFORMACIÓN GENERAL |
| campo de control de longitud fija |
ta |
| 008 - DATOS DE LONGITUD FIJA--INFORMACIÓN GENERAL |
| campo de control de longitud fija |
250701b2021 dr c|||| |||| 00| 0 spa d |
| 020 ## - NÚMERO INTERNACIONAL ESTÁNDAR DEL LIBRO |
| Número Internacional Estándar del Libro |
9789945099867 |
| 040 ## - FUENTE DE LA CATALOGACIÓN |
| Centro catalogador/agencia de origen |
DO-SdBNP |
| Lengua de catalogación |
spa |
| Centro/agencia transcriptor |
BNPHU |
| Normas de descripción |
rda |
| 041 ## - CÓDIGO DE LENGUA |
| Código de lengua original |
spa |
| 082 ## - NÚMERO DE LA CLASIFICACIÓN DECIMAL DEWEY |
| Número de clasificación |
RD 861.08 |
| Número de documento/Ítem |
T147a |
| Número de edición |
22 |
| 110 1# - ENTRADA PRINCIPAL--NOMBRE DE ENTIDAD CORPORATIVA |
| Nombre de entidad corporativa o nombre de jurisdicción como elemento de entrada |
Taller Literario Carmen Natalia Bonilla |
| 9 (RLIN) |
87011 |
| 245 10 - MENCIÓN DE TÍTULO |
| Título |
Antología poetas petromacorisanas / |
| Mención de responsabilidad, etc. |
Taller Literario Carmen Natalia Bonilla ; prólogo, Carlos Segovia Monti ; compilación, Ana Teresa Martínez, Aurelia Castillo |
| 264 1# - PRODUCCIÓN, PUBLICACIÓN, DISTRIBUCIÓN, FABRICACIÓN Y COPYRIGHT |
| Producción, publicación, distribución, fabricación y copyright |
San Pedro de Macorís : |
| Nombre del de productor, editor, distribuidor, fabricante |
Coalición Cultural Literaria de San Pedro de Macorís, |
| Fecha de producción, publicación, distribución, fabricación o copyright |
2012. |
| 300 ## - DESCRIPCIÓN FÍSICA |
| Extensión |
186 páginas : |
| Otras características físicas |
retratos |
| Dimensiones |
21 cm. |
| 336 ## - TIPO DE CONTENIDO |
| Término de tipo de contenido |
texto |
| Código de tipo de contenido |
txt |
| Fuente |
rdacontent |
| 337 ## - TIPO DE MEDIO |
| Nombre/término del tipo de medio |
sin mediación |
| Código del tipo de medio |
n |
| Fuente |
rdamedia |
| 338 ## - TIPO DE SOPORTE |
| Nombre/término del tipo de soporte |
volumen |
| Código del tipo de soporte |
nc |
| Fuente |
rdacarrier |
| 505 ## - NOTA DE CONTENIDO CON FORMATO |
| Título |
Palabras de Ana Gross -- |
| -- |
Palabras de Aurelia Castillo -- |
| -- |
Palabras de Juan Galván -- |
| -- |
Prólogo -- |
| Información miscelánea |
Amanda Teresa Beltré Reinoso -- |
| -- |
Amantina Nolasco |
| -- |
Ana del Carmen Grosss |
| -- |
Ana Teresa Martínez -- |
| -- |
Aurelia Castillo -- |
| -- |
Flor A. Jiménez Báez -- |
| -- |
Francisco Aurora Ramírez de la Cruz -- |
| -- |
Lisandra Mariñez -- |
| -- |
Lissette Santana -- |
| -- |
María Farazdel -- |
| -- |
Margarita Ozuna -- |
| -- |
Maritza Pérez -- |
| -- |
Ramonita Trinidad -- |
| -- |
Odalís María Cedeño de Jesús -- |
| -- |
Teresa Ortiz de Machuca -- |
| -- |
Liliana Rafaelina Cena Medina -- |
| -- |
Yelaina García -- |
| -- |
Yris Medina Madrigal -- |
| -- |
Judith Alayón -- |
| -- |
Nurqui Tamara Nurse Alayón / |
| Título |
Poetas Extintas -- |
| Información miscelánea |
Carmen Natalia Martínez Bonilla -- |
| -- |
Hortensia Caldente y Ordoñez -- |
| -- |
Inés Díaz Soñé -- |
| -- |
Gladys Barros -- |
| -- |
Ludin lugo / |
| Título |
BIBLIOGRAFÍA / |
| 590 ## - NOTA LOCAL (RLIN) |
| Nota local |
Inventariado, 2025/ YL |
| 700 1# - PUNTO DE ACCESO ADICIONAL--NOMBRE DE PERSONA |
| Nombre de persona |
Segovia Monti, Carlos |
| Término indicativo de función/relación |
prólogo |
| Código de función/relación |
pr. |
| 9 (RLIN) |
88230 |
| 700 1# - PUNTO DE ACCESO ADICIONAL--NOMBRE DE PERSONA |
| Nombre de persona |
Martínez, Ana Teresa |
| Término indicativo de función/relación |
compilación |
| Código de función/relación |
co. |
| 9 (RLIN) |
14868 |
| 700 1# - PUNTO DE ACCESO ADICIONAL--NOMBRE DE PERSONA |
| Nombre de persona |
Castillo, Aurelia |
| Término indicativo de función/relación |
compilación, |
| Código de función/relación |
co. |
| 9 (RLIN) |
76355 |
| 910 ## - DATOS DE OPCIÓN DEL USUARIO (OCLC) |
| Datos de opción del usuario |
YLockward |
| 942 ## - ELEMENTOS DE PUNTO DE ACCESO ADICIONAL (KOHA) |
| Fuente del sistema de clasificación o colocación |
Dewey Decimal Classification |
| Tipo de ítem Koha |
Libro |